Statistics for Den nye imperialismen

Click here to take the quiz!

General Stats

  • This quiz has been taken 460 times
    (196 since last reset)
  • The average score is 7 of 17

Answer Stats

HintAnswer% Correct
Asiatisk land som moderniserte og industrialiserte seg selv etter vestlig mønster og ble en kolonimakt (slo Kina og Russland i krig)Japan
73%
Belgias store koloni i AfrikaKongo
71%
"Juvelen i kronen" i det britiske imperietBritisk India
70%
Europeiske statslederes møte om Afrika, 1884-85Berlinkonferansen
51%
Det største imperietDet britiske imperiet
44%
Den første ikke-hvite kolonien som ble frigjort, 1804Haiti
41%
Tropemedisin mot malariaKinin
41%
Kriger mellom Storbritannia og Kina der britene var overlegneOpium-krigene
41%
Den mest berømte kolonibyggeren i AfrikaCecil Rhodes
38%
Kolonimaktenes "siviliserende" oppdrag og navnet på et dikt av Rudyard KiplingWhite Man's Burden
37%
Det mest verdifulle i EgyptSuezkanalen
33%
De eneste frie afrikanske landeneLiberia og Etiopia
30%
Den økonomiske hensikten bak det å ha kolonierRåvarer og markeder
25%
Det første maskingeværetMaxim gun
21%
Siden imperialisme gikk ut på konkurranse mellom kolonimakter kan den også bli sett på som en del avNasjonalismen
21%
Mistet nesten alle sine kolonier i Amerika, 1810-25Spania og Portugal
19%
Hovedforutsetningen for den nye imperialismenDen industrielle revolusjonen
16%

Score Distribution

Percentile by Number Answered

Percent of People with Each Score

Your Score History

You have not taken this quiz since the last reset